[Event "AUTO-OPEN-454"]
[Site "http://www.queenalice.com/game.php?id=131210"]
[Date "2006.11.19"]
[Round "1"]
[White "csadler"]
[Black "marcodalledone"]
[Result "1-0"]
[WhiteElo "1775"]
[BlackElo "1376"]

1. Nf3 Nc6 2. e4 Nf6 3. e5 Ng4 4. d4 d6 5. h3 Nh6 6. Bxh6 gxh6 7. Bb5 Qd7 8. d5
dxe5 9. dxc6 bxc6 10. Qxd7+ Bxd7 11. Bc4 Rb8 12. Nxe5 e6 13. Nxd7 Kxd7 14. Bb3
Rg8 15. O-O Bg7 16. Nc3 c5 17. Rad1+ Kc8 18. Rd2 Kb7 19. Rfd1 Be5 20. Rd7 Rg6
21. Rxf7 Rbg8 22. Ne4 Rxg2+ 23. Kf1 Rh2 24. Nxc5+ Kc6 25. Nxe6 Rxh3 26. Nd8+ Kb6
27. Rxh7 Rh1+ 28. Ke2 Rgg1 29. Rxg1 Rxg1 30. Rxh6+ Kc5 31. Rc6+ Kb5 32. Bc4+ Kb4
33. a3+ Ka4 34. Ra6# 1-0

[Event "AUTO-OPEN-454"]
[Site "http://www.queenalice.com/game.php?id=131211"]
[Date "2006.11.19"]
[Round "1"]
[White "marcodalledone"]
[Black "Dedinho"]
[Result "0-1"]
[WhiteElo "1377"]
[BlackElo "1700"]

1. e4 c5 2. Bc4 Nc6 3. Qf3 Ne5 4. Qe3 Nxc4 5. Qxc5 Nb6 6. b3 Nf6 7. d3 e6 8. Qd4
Qc7 9. a3 Bd6 10. Bd2 Be5 11. Qe3 Bxa1 12. e5 Nfd5 13. Qe4 Bxe5 14. d4 Bf4 15.
Ne2 Bxd2+ 16. Nxd2 Nc3 17. Qd3 Nxe2 18. Qxe2 Qxc2 19. O-O Nd5 20. Re1 Nf4 21.
Qe3 Nd3 22. Ra1 d5 23. b4 Bd7 24. a4 Nxb4 25. Nf3 Rc8 26. g3 Qf5 27. g4 Qxg4+
28. Kf1 Nc2 29. Ke2 Nxe3 30. fxe3 Qg2+ 31. Kd3 Qxf3 32. Re1 Qe4+ 33. Kd2 Rc2+
34. Kd1 Qd3# 0-1

[Event "AUTO-OPEN-454"]
[Site "http://www.queenalice.com/game.php?id=131212"]
[Date "2006.11.19"]
[Round "1"]
[White "Dedinho"]
[Black "marcodalledone"]
[Result "1-0"]
[WhiteElo "1724"]
[BlackElo "1336"]

1. c4 h5 2. Nc3 e5 3. Nf3 Nc6 4. g3 d6 5. Bg2 Nh6 6. d3 f6 7. O-O g6 8. Nd5 Qd7
9. Nxf6+ Kd8 10. Nxd7 Bxd7 11. Bxh6 Bxh6 12. Nh4 Rh7 13. Nxg6 Be8 14. Be4 d5 15.
cxd5 Ne7 16. Nxe7 Rxe7 17. Qb3 Rb8 18. Qa3 Rf7 19. Qxa7 Kc8 20. e3 b6 21. d6
cxd6 22. Rac1+ Rc7 23. Qxc7# 1-0

[Event "AUTO-INT-284"]
[Site "http://www.queenalice.com/game.php?id=143334"]
[Date "2006.12.19"]
[Round "1"]
[White "CampbellMarcel"]
[Black "marcodalledone"]
[Result "0-1"]
[WhiteElo "427"]
[BlackElo "1405"]

1. e4 e5 2. Nf3 d6 3. Bc4 Nh6 4. d4 a6 5. dxe5 b5 6. Bd5 c6 7. Bb3 Be6 8. O-O d5
9. exd5 cxd5 10. Re1 Bc5 11. Bxh6 gxh6 0-1

[Event "AUTO-INT-284"]
[Site "http://www.queenalice.com/game.php?id=143335"]
[Date "2006.12.19"]
[Round "1"]
[White "marcodalledone"]
[Black "CampbellMarcel"]
[Result "1-0"]
[WhiteElo "1407"]
[BlackElo "425"]

1. e4 d5 2. Nc3 d4 3. Nd5 e5 4. d3 c6 5. Qh5 cxd5 6. Qxe5+ Ne7 7. exd5 Nd7 8.
Qxd4 Nf5 9. Qe4+ Ne7 10. Bd2 Nc5 11. Qc4 Qxd5 12. Qxd5 1-0

[Event "AUTO-INT-284"]
[Site "http://www.queenalice.com/game.php?id=143350"]
[Date "2006.12.19"]
[Round "1"]
[White "marcodalledone"]
[Black "Pegasus"]
[Result "0-1"]
[WhiteElo "1408"]
[BlackElo "1656"]

1. e4 c5 2. a3 Nc6 3. b4 cxb4 4. axb4 Nxb4 5. Na3 e5 6. Bc4 Nf6 7. c3 Nc6 8. Nf3
Nxe4 9. O-O d5 10. Bb3 d4 11. cxd4 Nxd4 12. d3 Nxf3+ 13. gxf3 Nc3 14. Qc2 Bb4
15. Bb2 Bxa3 16. Bxa3 Nb5 17. Qc4 Qd7 18. Ra2 Nxa3 19. Rxa3 O-O 20. d4 exd4 21.
Qd3 Qd6 22. Bc2 Qg6+ 23. Qxg6 fxg6 24. Kh1 Bh3 25. Bb3+ Kh8 26. Rg1 Rxf3 27. Rg3
Rc8 28. Rxf3 Rc1+ 29. Bd1 Rxd1# 0-1

[Event "AUTO-INT-284"]
[Site "http://www.queenalice.com/game.php?id=143351"]
[Date "2006.12.19"]
[Round "1"]
[White "Pegasus"]
[Black "marcodalledone"]
[Result "1-0"]
[WhiteElo "1648"]
[BlackElo "1402"]

1. d4 d5 2. c4 e6 3. Nf3 dxc4 4. e4 b5 5. Nc3 Nf6 6. Bg5 h6 7. Bxf6 gxf6 8. Nxb5
Bb4+ 9. Nd2 Ba6 10. Nc3 Qxd4 11. Qa4+ c6 12. Qxb4 c5 13. Qa4+ Kf8 14. Rd1 Nd7
15. Nf3 Nb6 16. Qc6 Bb7 17. Qxb7 Qxd1+ 18. Nxd1 Rd8 19. Qxa7 Rd6 20. e5 fxe5 21.
Qb8+ Ke7 22. Qxh8 Rd7 23. Nxe5 Rd5 24. Bxc4 Rd8 25. Nc6+ Kd7 26. Qxd8+ Kxc6 27.
b3 Nd7 28. O-O Ne5 29. Qc8+ Kd6 30. Ne3 h5 31. Rd1+ Ke7 32. Qd8# 1-0

[Event "AUTO-OPEN-486"]
[Site "http://www.queenalice.com/game.php?id=143436"]
[Date "2006.12.19"]
[Round "1"]
[White "Paulo_Lima"]
[Black "marcodalledone"]
[Result "1-0"]
[WhiteElo "1685"]
[BlackElo "1374"]

1. d4 d5 2. c4 c5 3. dxc5 Qa5+ 4. Nc3 Qxc5 5. Qxd5 Qxd5 6. Nxd5 Kd8 7. Nf3 Na6
8. Bf4 h6 9. e3 g5 10. Bg3 Bg7 11. Be5 f6 12. Bc3 Nc5 13. Rd1 Bd7 14. b4 e6 15.
Nxf6 Bxf6 16. Bxf6+ Nxf6 17. Ne5 Ke8 18. bxc5 Rc8 19. Nd3 Rf8 20. Be2 g4 21. g3
Ba4 22. Rb1 Rd8 23. Nf4 Rf7 24. Nxe6 Rdd7 25. Nf4 Rd8 26. O-O Rfd7 27. Ne6 Ne4
28. Nxd8 Rxd8 29. Rxb7 Nxc5 30. Rxa7 Bc6 31. Bxg4 Bd7 32. Bh5+ Kf8 33. Rd1 Kg7
34. Rd5 Rc8 35. Raxd7+ Nxd7 36. Rxd7+ Kf6 37. Bf7 Rxc4 38. Bxc4 Kf5 39. Kg2 1-0

[Event "AUTO-OPEN-486"]
[Site "http://www.queenalice.com/game.php?id=143437"]
[Date "2006.12.19"]
[Round "1"]
[White "marcodalledone"]
[Black "Paulo_Lima"]
[Result "0-1"]
[WhiteElo "1376"]
[BlackElo "1678"]

1. e4 c6 2. Bc4 d5 3. exd5 cxd5 4. Bb3 Nc6 5. Qf3 Nf6 6. c4 e6 7. Nc3 dxc4 8.
Bxc4 Nb4 9. Bb3 Bc5 10. a3 Nd3+ 11. Kd1 Nxf2+ 12. Ke1 Nxh1 13. Ba4+ Ke7 14. g4
Nf2 15. d4 Qxd4 16. Be3 Nd3+ 17. Kf1 Qxe3 18. Rd1 Qxg1+ 19. Ke2 Qxh2+ 20. Kxd3
Rd8+ 21. Kc4 Rxd1 22. Bxd1 Qg1 23. Na4 Qd4+ 24. Kb3 e5 25. Bc2 Be6+ 26. Qd5
Bxd5# 0-1

[Event "AUTO-OPEN-486"]
[Site "http://www.queenalice.com/game.php?id=143452"]
[Date "2006.12.19"]
[Round "1"]
[White "marcodalledone"]
[Black "fpferreira"]
[Result "1-0"]
[WhiteElo "1370"]
[BlackElo "1468"]

1. e4 e5 2. b3 Nf6 3. d3 Bb4+ 4. Bd2 Bxd2+ 5. Qxd2 d6 6. Nc3 Nc6 7. Nf3 O-O 8.
h4 Bg4 9. h5 Nxh5 10. O-O-O Nb4 11. g3 Bxf3 12. Bg2 Bxg2 13. Rxh5 Bf3 14. Rdh1
Bxh1 15. Rxh1 c6 16. f3 Qf6 17. Qh2 Qxf3 18. Qxh7# 1-0

[Event "AUTO-OPEN-486"]
[Site "http://www.queenalice.com/game.php?id=143453"]
[Date "2006.12.19"]
[Round "1"]
[White "fpferreira"]
[Black "marcodalledone"]
[Result "0-1"]
[WhiteElo "1447"]
[BlackElo "1390"]

1. e4 e5 2. Nf3 Nc6 3. d4 d5 4. dxe5 Nge7 5. Bd3 Qd7 6. Bg5 f6 7. exf6 gxf6 8.
Bh4 Ng6 9. Bxf6 Bg7 10. Bxg7 Qxg7 11. Nc3 Bd7 12. O-O Nf4 13. Nh4 Ne5 14. Nxd5
O-O-O 15. Nf5 Bxf5 16. exf5 Nxg2 17. f6 Qf7 18. Be4 Rhg8 19. Bxg2 Ng4 20. h3
Nxf6 21. Qf3 Rxd5 22. Qb3 Qg7 23. Qg3 Rg5 24. Qh2 Rxg2+ 25. Qxg2 Qxg2# 0-1

[Event "AUTO-OPEN-425"]
[Site "http://www.queenalice.com/game.php?id=169051"]
[Date "2007.2.15"]
[Round "2"]
[White "marcodalledone"]
[Black "fertaka"]
[Result "0-1"]
[WhiteElo "1374"]
[BlackElo "1810"]

1. e3 d5 2. Nf3 c5 3. c4 d4 4. exd4 cxd4 5. d3 Nc6 6. b3 Nf6 7. Bb2 e6 8. a3 Qc7
9. g3 Bd6 10. Bg2 e5 11. b4 a6 0-1